Music Quiz

Random Music or Song Quiz

2 Minute Lesson About You-1960's(ish) #2 Quiz Stats

 Plays Quiz not verified by Sporcle

Score 0/16 Timer 02:00
0 Plays Today
% Correct
You Can't Always Get
96.9%
Have You Ever
92.2%
Thank You (Falettinme
89.1%
Do You Believe
87.5%
You Can't
87.5%
Hello
75%
A Little Bit Me
65.6%
You Don't
65.6%
% Correct
I Want You
54.7%
I've Been Loving You
53.1%
Can't You Hear
51.6%
I Hear
51.6%
The Love
50%
See You
50%
You Were On
45.3%
I Got A
39.1%

You're not logged in!

Compare scores with friends on all Sporcle quizzes.
OR
Log In

Sporcle TV

Today on Sporcle TV


Watch our educational content, quiz creation guides, and fun videos on Sporcle TV.

Show Comments

Extras

Top Quizzes Today


Score Distribution

Your Account Isn't Verified!

In order to create a playlist on Sporcle, you need to verify the email address you used during registration. Go to your Sporcle Settings to finish the process.

Report this User

Report this user for behavior that violates our Community Guidelines.

Details: